Utwory literackie z imionami w tytule - Statystyki

Ogólne statystyki
  • Ten quiz został rozwiązany 84 razy
  • Średni wynik to 9 z 14
Statystyki odpowiedzi
Autor Nazwa dzieła % Poprawnych
Adam Mickiewicz ,,Pan {Tadeusz}"
100%
Lucy Maud Montgomery ,,{Ania} z Zielonego Wzgórza"
97%
William Szekspir ,,{Romeo} i {Julia}"
88%
Janusz Korczak ,,Król {Maciuś} Pierwszy"
87%
Adam Mickiewicz ,,{Konrad} Wallenrod"
86%
Michaił Bułhakow ,,Mistrz i {Małgorzata}"
86%
J. W. Goethe ,,Cierpienia młodego {Wertera}"
80%
Juliusz Słowacki ,,Grób {Agamemnona}"
54%
Juliusz Słowacki ,,{Kordian}"
51%
Olga Tokarczuk ,,Księgi {Jakubowe}"
46%
Juliusz Słowacki ,,{Lilla} Weneda"
45%
Juliusz Słowacki ,,W pamiętniku {Zofii} Bobrówny"
45%
Juliusz Słowacki ,,{Jan} Bielecki"
26%
Juliusz Słowacki ,,{Maria} Stuart"
26%
Nie znaleziono quizów pasujących do podanych kryteriów
Rozkład punktacji
Procent ludzi z każdym wynikiem
Percentyl według liczby udzielonych odpowiedzi
Twoja historia wyników
Nie rozwiązałeś tego quizu